MARC details
| 000 -CABECERA |
| campo de control de longitud fija |
04750cam a2200433 i 4500 |
| 001 - NÚMERO DE CONTROL |
| campo de control |
8650175 |
| 003 - IDENTIFICADOR DEL NÚMERO DE CONTROL |
| campo de control |
CaAEU |
| 005 - FECHA Y HORA DE LA ÚLTIMA TRANSACCIÓN |
| campo de control |
20260304105427.0 |
| 006 - CÓDIGOS DE INFORMACIÓN DE LONGITUD FIJA--CARACTERÍSTICAS DEL MATERIAL ADICIONAL |
| campo de control de longitud fija |
m o d |
| 007 - CAMPO FIJO DE DESCRIPCIÓN FÍSICA--INFORMACIÓN GENERAL |
| campo de control de longitud fija |
cr cnu---unuuu |
| 008 - DATOS DE LONGITUD FIJA--INFORMACIÓN GENERAL |
| campo de control de longitud fija |
181016t20192019enk obm 001 0 eng |
| 010 ## - NÚMERO DE CONTROL DE LA BIBLIOTECA DEL CONGRESO |
| Número de control de LC |
2018049769 |
| 015 ## - NÚMERO DE BIBLIOGRAFÍA NACIONAL |
| Número de bibliografía nacional |
GBB912716 |
| Fuente |
bnb |
| 020 ## - NÚMERO INTERNACIONAL ESTÁNDAR DEL LIBRO |
| Número Internacional Estándar del Libro |
9781350058132 |
| 024 7# - IDENTIFICADOR DE OTROS ESTÁNDARES |
| Número estándar o código |
10.5040/9781350058170 |
| Fuente del número o código |
doi |
| 035 ## - NÚMERO DE CONTROL DEL SISTEMA |
| Número de control de sistema |
on1057731257 |
| 037 ## - FUENTE DE ADQUISICIÓN |
| Número de adquisición |
9781350058156 |
| Fuente del número de adquisición |
codeMantra |
| 039 ## - NIVEL DE CONTROL BIBLIOGRÁFICO Y DETALLES DE CODIFICACIÓN [OBSOLETO] |
| Nivel de reglas en descripción bibliográfica |
exclude |
| 040 ## - FUENTE DE LA CATALOGACIÓN |
| Centro/agencia transcriptor |
tbs |
| 041 ## - CÓDIGO DE LENGUA |
| Código de lengua del texto/banda sonora o título independiente |
English |
| 042 ## - CÃDIGO DE AUTENTICACIÃN |
| Código de autenticación |
pcc |
| 050 14 - SIGNATURA TOPOGRÁFICA DE LA BIBLIOTECA DEL CONGRESO |
| Número de clasificación |
TT497 |
| Número de documento/Ítem |
.G56 2019 |
| 245 00 - MENCIÓN DE TÍTULO |
| Título |
Global perspectives on sustainable fashion |
| Mención de responsabilidad, etc. |
/ edited by Alison Gwilt, Alice Payne, and Evelise Anciet Rüthschilling. |
| 264 #1 - PRODUCCIÓN, PUBLICACIÓN, DISTRIBUCIÓN, FABRICACIÓN Y COPYRIGHT |
| Producción, publicación, distribución, fabricación y copyright |
London, UK ; |
| -- |
New York, NY : |
| Nombre del de productor, editor, distribuidor, fabricante |
Bloomsbury Visual Arts, |
| Fecha de producción, publicación, distribución, fabricación o copyright |
2019. |
| 264 #4 - PRODUCCIÓN, PUBLICACIÓN, DISTRIBUCIÓN, FABRICACIÓN Y COPYRIGHT |
| Fecha de producción, publicación, distribución, fabricación o copyright |
©2019 |
| 300 ## - DESCRIPCIÓN FÍSICA |
| Extensión |
312 pages |
| Otras características físicas |
25 colour illustrations and 115 black and white |
| Dimensiones |
246 x 189 mm |
| 504 ## - NOTA DE BIBLIOGRAFÍA, ETC. |
| Nota de bibliografía, etc. |
Includes bibliographical references and index. |
| 505 0# - NOTA DE CONTENIDO CON FORMATO |
| Nota de contenido con formato |
The sunshine on a cloudy day : sustainable fashion in Brazil — fashion activism : the impact of the fashion revolution movement in Brazil — Raíz Diseño : travel of a silent resistance — production of wool fiber in Uruguay — Independent fashion design in Argentina, is "sustainablewashing" a concern? — sustainable fashion in Colombia : perspectives and scope — Industry leadership toward sustainable fashion through user consumer engagement : North America — pattern makers and garment makers, Midwest, Ohio, Cleveland — Classing California's wool : from local to global networks — preloved (Canada) — Sustainable fashion in Canada : unpacking the spaces and practices of "Made in Canada" — Pratt Institute/Brooklyn Fashion + Design Accelerator "Keeping the cart attached to the horse" — Sustainability and garment longevity in the UK high street — sustainable fashion in the Netherlands — Sustainability in the textiles & clothing fashion industry : an on-going study in Portugal — VIGGA.us — sharing baby clothes in a sustainable product-service system — Setting out a journey towards sustainable luxury in Spain — textile led sustainable innovation of surface coloration and patterning for sportswear — Fashioning sustainability in Hong Kong and China — self employed women's association (SEWA) in South Asia — Collaborative consumption for small and medium-sized fashion enterprises in South Korea — examples of sustainable fashion within Sri Lanka? — Sustainable Anatolia : craft centered design in Turkey — don't let fashion go to waste Hong Kong and China — Sustainable fashion in Australia : raw fibre, fast fashion and new localism — sustainable Australian indigenous fashion? — Producing sustainable fashion : made in Vietnam — Space Between : fashion activism in New Zealand — Fashion practices in Cambodia : contrasting paradigms between the export apparel industry and small-medium enterprises in Cambodia? — Rental Systems : wedding dresses from Korea and Thailand — A case for design-led environmentally sustainable fashion design praxis in South Africa — developing sustainable fashion in South Africa : sustainable cotton cluster — Challenges facing the fashion industry from implementing sustainable product service systems in Botswana and Kenya — designing sustainable indigenous fabric and attire for young women in Zimbabwe's tertiary institutions — Sustainable fashion and the United Arab Emirates vision 2021 — the continuation of culture. |
| 520 ## - SUMARIO, ETC. |
| Sumario, etc. |
"Global Perspectives on Sustainable Fashion showcases the global fashion industry's efforts to reduce the negative impacts associated with fashion production and consumption. Illustrated throughout with infographics, photographs and diagrams of creative works, eighteen essays focus on six regions, examining sustainable fashion in the context of local, cultural and environmental concerns. Also included are 18 regional 'Spotlight' sections highlighting the differences and similarities across regions by concentrating on examples of best practice, design innovation and impact on the community"--Provided by publisher. |
| 650 #0 - PUNTO DE ACCESO ADICIONAL DE MATERIA--TÉRMINO DE MATERIA |
| Término de materia o nombre geográfico como elemento de entrada |
Clothing trade |
| Subdivisión general |
Environmental aspects |
| 9 (RLIN) |
4710 |
| 650 #0 - PUNTO DE ACCESO ADICIONAL DE MATERIA--TÉRMINO DE MATERIA |
| Término de materia o nombre geográfico como elemento de entrada |
Clothing trade |
| Subdivisión general |
Moral and ethical aspects |
| 9 (RLIN) |
10809 |
| 650 #0 - PUNTO DE ACCESO ADICIONAL DE MATERIA--TÉRMINO DE MATERIA |
| Término de materia o nombre geográfico como elemento de entrada |
Fashion design |
| Subdivisión general |
Environmental aspects |
| 9 (RLIN) |
4711 |
| 650 #0 - PUNTO DE ACCESO ADICIONAL DE MATERIA--TÉRMINO DE MATERIA |
| Término de materia o nombre geográfico como elemento de entrada |
Clothing trade |
| Subdivisión general |
Environmental aspects |
| 9 (RLIN) |
4710 |
| 700 ## - ENTRADA AGREGADA--NOMBRE PERSONAL |
| Nombre de persona |
Gwilt, Alison, |
| Término indicativo de función/relación |
editor. |
| 9 (RLIN) |
26756 |
| 700 ## - ENTRADA AGREGADA--NOMBRE PERSONAL |
| Nombre de persona |
Payne, Alice, |
| Término indicativo de función/relación |
editor. |
| 9 (RLIN) |
26754 |
| 700 ## - ENTRADA AGREGADA--NOMBRE PERSONAL |
| Nombre de persona |
Rüthschilling, Evelise Anicet, |
| Término indicativo de función/relación |
editor. |
| 9 (RLIN) |
26757 |
| 758 ## - IDENTIFICADOR DEL RECURSO |
| Información de relación/Frase instructiva de referencia |
has work: |
| Etiqueta |
Global perspectives on sustainable fashion (Text) |
| URI de un objeto del mundo real |
https://id.oclc.org/worldcat/entity/E39PCFR8pCKGYwDtqVXBFbQgDm |
| Código de función |
https://id.oclc.org/worldcat/ontology/hasWork |
| 942 ## - ELEMENTOS DE ENTRADA AGREGADA (KOHA) |
| Fuente del sistema de clasificación o colocación |
Clasificación de Library of Congress |